000
003570000a22001690004500
005
20120302061555.0
942
_c
BOOK
100
_a
Pai,Wamanrao
245
_a
Naamaachaa Nandaadeep
250
_a
8
260
_a
Mumbai:Naam Sampradaaya Mandal,1995.
300
_a
136p.
040
_a
MAR
365
_b
30/-
650
_a
Adhyatma
650
_a
Naam
999
_c
354317
_d
354314